000 00216nam a2200097Ia 4500
008 240331s9999 xx 000 0 und d
082 _bSIV
100 _aSivakumaran, K.S
245 0 _aThiranaivu entral enna
942 _cL
999 _c3670
_d3670